[Event "Nugegoda SRI GP (Women) 2nd"]
[Site "Nugegoda"]
[Date "2021.02.14"]
[Round "4"]
[White "Abeywardana, NT."]
[Black "Mendis, Dasuni Hansika"]
[Result "1-0"]
[WhiteElo "1655"]
[BlackElo "1677"]
[PlyCount "65"]
[EventDate "2021.02.13"]
[EventType "tourn"]
[EventRounds "11"]
[EventCountry "SRI"]
[SourceTitle "EXT 2022"]
[Source "ChessBase"]
[SourceDate "2021.10.06"]
[SourceVersion "1"]
[SourceVersionDate "2021.10.06"]
[SourceQuality "1"]

1. d4 Nf6 2. c4 e6 3. Nc3 Bb4 4. Qc2 b6 5. e4 Bb7 6. Bd3 Bxc3+ 7. bxc3 h6 8. Ne2 d6 9. 0-0 e5 10. f4 Nbd7 11. Ng3 0-0 12. Nf5 Kh7 13. Rf3 Ng8 14. Rh3 Bc8 15. fxe5 dxe5 16. g4 f6 17. Be3 Re8 18. Qf2 Nf8 19. Kh1 Ng6 20. Rg1 N6e7 21. g5 fxg5 22. Bxg5 Qd7 23. Bxh6 gxh6 24. Qg2 Nxf5 25. Qg6+ Kh8 26. exf5 Bb7+ 27. d5 Rf8 28. f6 Rf7 29. Bf5 Bxd5+ 30. cxd5 Qxd5+ 31. Be4 Qd8 32. Qg7+ Rxg7 33. fxg7# 1-0